000 03237nam a2200289 a 4500
001 ASIN0231146108
005 20170105102927.0
008 131213s2012 xxu eng d
020 _a0231146108 (hardcover)
_c$27.95
020 _a9780231146104 (hardcover)
040 _a0
050 0 4 _aDS149
082 0 4 _a320.54095694
_bBUT 2012
100 1 _aButler, Judith.
245 1 0 _aParting ways :
_bjewishness and the critique of zionism /
_cJudith Butler.
260 _a[S.l.] :
_bColumbia University Press,
_c2012.
300 _a256 p. ;
_c23 cm.
490 1 _aNew directions in critical theory.
520 _aJudith Butler follows Edward Said's late suggestion that through a consideration of Palestinian dispossession in relation to Jewish diasporic traditions a new ethos can be forged for a one-state solution. Butler engages Jewish philosophical positions to articulate a critique of political Zionism and its practices of illegitimate state violence, nationalism, and state-sponsored racism. At the same time, she moves beyond communitarian frameworks, including Jewish ones, that fail to arrive at a radical democratic notion of political cohabitation. Butler engages thinkers such as Edward Said, Emmanuel Levinas, Hannah Arendt, Primo Levi, Martin Buber, Walter Benjamin, and Mahmoud Darwish as she articulates a new political ethic. In her view, it is as important to dispute Israel's claim to represent the Jewish people as it is to show that a narrowly Jewish framework cannot suffice as a basis for an ultimate critique of Zionism. She promotes an ethical position in which the obligations of cohabitation do not derive from cultural sameness but from the unchosen character of social plurality. Recovering the arguments of Jewish thinkers who offered criticisms of Zionism or whose work could be used for such a purpose, Butler disputes the specific charge of anti-Semitic self-hatred often leveled against Jewish critiques of Israel. Her political ethic relies on a vision of cohabitation that thinks anew about binationalism and exposes the limits of a communitarian framework to overcome the colonial legacy of Zionism. Her own engagements with Edward Said and Mahmoud Darwish form an important point of departure and conclusion for her engagement with some key forms of thought derived in part from Jewish resources, but always in relation to the non-Jew. Butler considers the rights of the dispossessed, the necessity of plural cohabitation, and the dangers of arbitrary state violence, showing how they can be extended to a critique of Zionism, even when that is not their explicit aim. She revisits and affirms Edward Said's late proposals for a one-state solution within the ethos of binationalism. Butler's startling suggestion: Jewish ethics not only demand a critique of Zionism, but must transcend its exclusive Jewishness in order to realize the ethical and political ideals of living together in radical democracy.
650 0 _aIsrael
650 0 _aJewish ethics
650 0 _aPolitical violence
650 0 _aZionism--Philosophy
830 0 _aNew directions in critical theory.
856 4 0 _3Amazon.com
_uhttp://www.amazon.com/exec/obidos/ASIN/0231146108/chopaconline-20
942 _2ddc
_cBK
999 _c15900
_d15900